| 000 | 01337cam a22003251i 4500 | ||
|---|---|---|---|
| 001 | 1227842 | ||
| 003 | EG-ScBUE | ||
| 005 | 20240605085630.0 | ||
| 008 | 740605t1967 nyuach f b 001 0 eng d | ||
| 040 |
_aDLC _beng _erda _cDLC _dDLC _dEG-ScBUE |
||
| 043 |
_ae-ur--- _an-us--- |
||
| 082 | 0 | 4 |
_a947.0841 _222 _bREV |
| 245 | 0 | 0 |
_aRevolution in Russia! : _bas reported by the New York Tribune and the New York Herald, 1894-1921 / _cedited by Edward W. Pearlstien ; introduction by Richard O'Connor. |
| 264 | 1 |
_aNew York : _bThe Viking Press, _c[1967] |
|
| 264 | 4 | _cc1967 | |
| 300 |
_axxii, 297 pages : _bfacsimiles, illustrations, portraits ; _c25 cm |
||
| 336 |
_2rdacontent _atext _btxt |
||
| 337 |
_aunmediated _2rdamedia _bn |
||
| 338 |
_avolume _bnc _2rdacarrier |
||
| 504 | _aIncludes bibliographical references and index. | ||
| 651 | 7 |
_aSoviet Union _xHistory _yRevolution, 1917-1921 _xForeign public opinion. _2BUEsh _911098 |
|
| 651 | 7 |
_aSoviet Union _xForeign public opinion, American. _2BUEsh _911099 |
|
| 655 | _vReading book | ||
| 700 | 1 |
_911096 _aPearlstien, Edward W., _eeditor. |
|
| 700 | 1 |
_910601 _aO'Connor, Richard, _d1915-1975, _eauthor of introduction, etc. |
|
| 730 |
_aNew York tribune. _911100 |
||
| 730 | 0 |
_aNew York herald (New York, N.Y. : 1840) _911101 |
|
| 942 |
_2ddc _cBB |
||
| 999 |
_c13312 _d13312 |
||